| 000 | 03964nam0a2200481 4500 | ||
|---|---|---|---|
| 001 | RU\NLR\BIBL_A\011668371 | ||
| 005 | 20250630155747.0 | ||
| 020 |
_aRU _b13833 _9Сводный каталог листовок первых лет Советской власти (25 октября (7 ноября) 1917 - 1925) Т.5. Листовки советских, партийных, профсоюзных, комсомольских и других организаций краев РСФСР. Ч.1 |
||
| 035 | _a(NLR Aleph) 011668371 | ||
| 090 |
_a11222579 _c11222579 |
||
| 100 | _a20180402d1924 |||y0rusy50 ca | ||
| 101 | 0 | _arus | |
| 102 | _aRU | ||
| 105 | _ay z 000zy | ||
| 135 | _acrcn 024apada | ||
| 200 | 1 |
_aКраткий отчет Терского окружного исполнительного комитета Советов рабочих, крестьянских, красноармейских и казачьих депутатов 4-го созыва крестьянам и казакам Терского округа за 1923-24 г. _e[листовка _fТерский окр. исполнительный комитет Советов] |
|
| 210 |
_aПятигорск _c1-я Гостип. _d1924 |
||
| 215 |
_a1 с. в 8 стб. _d62х100 |
||
| 300 | _aПодписи: Терский окружной исполнительный комитет: председатель Окружного исполнит. комитета М.М. Карклин; зам. пред. Окрисп. Минеев; секретарь Окруж. исполнит. комитета П. Ватолин | ||
| 300 | _aПеред загл.: Всем рикам и сельсоветам. Означенный отчет обязательно вывешивать на видном месте и оглашать на общих собраниях граждан села или станицы | ||
| 325 | 1 | _aКопия доступна в Электронной библиотеке РНБ | |
| 540 | 1 | _aВсем рикам и сельсоветам. Означенный отчет обязательно вывешивать на видном месте и оглашать на общих собраниях граждан села или станицы | |
| 607 |
_aРСФСР _jЛистовки _xПолитика и управление _y1917 - 1925 _92312782 _3RU\NLR\auth\6601609564 |
||
| 607 |
_aТерская губерния _jЛистовки _xПолитика и управление _z1917 - 1924 _92597393 _3RU\NLR\AUTH\6601743962 |
||
| 686 | 0 | _aТ3(2)71-313,011 | |
| 686 | 0 | _aТ3(2Р-7Те)71-313,011 | |
| 702 | 1 |
_4720 _aКарклин _bМ. М. _cучастник установления советской власти, Пятигорк _f1894-1938 _gМартын Мартынович _9191623 _3RU\NLR\AUTH\770191674 |
|
| 702 | 1 |
_4720 _aМинеев _cучастник установления советской власти, г. Пятигорск _9191714 _3RU\NLR\AUTH\770191765 |
|
| 702 | 1 |
_4720 _aВатолин _bП. А. _cгос. и парт. деятель _f1889-1940 _gПётр Александрович _9191720 _3RU\NLR\AUTH\770191771 |
|
| 710 | 0 | 2 |
_aТерский окружной исполнительный комитет Советов _9467971 _3RU\NLR\AUTH\880400547 |
| 852 | 0 | 0 |
_aNLR _bФЛ _j38/346 |
| 856 | 0 | _uhttps://vivaldi.nlr.ru/ll700000546/view | |
| 856 | 1 | _uhttps://vivaldi.nlr.ru/ll700000546/cover | |
| 856 | 2 | _uhttps://vivaldi.nlr.ru/ll700000546/text | |
| 942 | _cBOOK | ||
| 980 | _aNB | ||
| 981 | 2 | 2 |
_a(22) Материалы по истории России _b(22) История России с 25 октября (7 ноября) 1917 года |
| 981 | 2 | 1 |
_a(21) Листовки _b(21) Листовки 1924 года |